Nuevas técnicas en la estabilización de taludes en excavaciones profundas
Збережено в:
| Автор: | |
|---|---|
| Формат: | Книга |
| Опубліковано: |
San José, C.R.
2000
|
| Предмети: | |
| Теги: |
Додати тег
Немає тегів, Будьте першим, хто поставить тег для цього запису!
|
MARC
| LEADER | 00000nam a2200000Ia 4500 | ||
|---|---|---|---|
| 003 | 010175 | ||
| 005 | 20221231144208.0 | ||
| 008 | 140114s2000 cr a m 000 ||s d | ||
| 040 | |c cru CEDI | ||
| 090 | |a TFG 4164 | ||
| 100 | |a Coto Loría, Mauricio |9 8136 | ||
| 245 | |a Nuevas técnicas en la estabilización de taludes en excavaciones profundas | ||
| 260 | |c 2000 |a San José, C.R. | ||
| 300 | |a 132 hojas : ilustraciones | ||
| 500 | |a Tesis (licenciatura en ingeniería civil)--Universidad de Costa Rica. Facultad de Ingeniería. Escuela de Ingeniería Civil | ||
| 650 | |x TALUDES (MECANICA DE SUELOS) |x ESTABILIZACION DE SUELOS |x EXCAVACIONES |x EDIFICIOS |x DISEÑO Y CONSTRUCCION |9 8137 | ||
| 942 | |c TFG | ||
| 999 | |c 18267 |d 18267 | ||
